[Event "European Blitz 2022"]
[Site "Katowice POL"]
[Date "2022.12.16"]
[Round "20.5"]
[White "Santos Latasa, Jaime"]
[Black "Laurusas, Tomas"]
[Result "1/2-1/2"]
[WhiteTitle "GM"]
[BlackTitle "GM"]
[WhiteElo "2668"]
[BlackElo "2567"]
[WhiteFideId "2293307"]
[BlackFideId "12803731"]
[EventDate "2022.12.16"]

1. Nf3 d5 2. e3 Nf6 3. c4 c6 4. d4 Bf5 5. Nc3 e6 6. Nh4 Be4 7. f3 Bg6 8. Bd2 Be7
9. Nxg6 hxg6 10. Qc2 a6 11. O-O-O Qc7 12. g4 Nbd7 13. cxd5 cxd5 14. h4 O-O-O 15.
Kb1 Kb8 16. Rc1 Rc8 17. Qb3 Qb6 18. Qxb6 Nxb6 19. b3 Nfd7 20. Be1 Bd6 21. Bd3
Rce8 22. Ne2 Ka7 23. g5 Nb8 24. Bg3 Bxg3 25. Nxg3 Nc6 26. f4 Rc8 27. a3 Kb8 28.
h5 gxh5 29. Nxh5 g6 30. Nf6 Kc7 31. Ng4 Kd6 32. Nh6 Rhf8 33. Ng4 Rh8 34. Ne5
Nxe5 35. dxe5+ Kd7 36. Kb2 Rxc1 37. Rxh8 Rc8 38. Rh7 Ke8 39. Rh8+ Kd7 40. Rh7
Ke8 41. Rh8+ Kd7 42. Rh7 1/2-1/2

[Event "European Blitz 2022"]
[Site "Katowice POL"]
[Date "2022.12.16"]
[Round "20.6"]
[White "Moroni, Luca Jr"]
[Black "Alexakis, Dimitris"]
[Result "0-1"]
[WhiteTitle "GM"]
[BlackTitle "IM"]
[WhiteElo "2576"]
[BlackElo "2486"]
[WhiteFideId "865834"]
[BlackFideId "4277023"]
[EventDate "2022.12.16"]

1. d4 Nf6 2. Nf3 c5 3. c4 cxd4 4. Nxd4 e5 5. Nc2 d5 6. cxd5 Qxd5 7. Qxd5 Nxd5 8.
e4 Nb4 9. Nxb4 Bxb4+ 10. Bd2 Nc6 11. Bb5 Bd7 12. Bxc6 Bxd2+ 13. Nxd2 Bxc6 14. f3
O-O-O 15. O-O-O Bb5 16. Nb1 Bc4 17. b3 Be6 18. Nc3 Rd7 19. Rxd7 Kxd7 20. Kc2 g5
21. h4 g4 22. fxg4 Bxg4 23. Nd5 Be6 24. Ne3 Rg8 25. Kd2 a5 26. Rc1 b6 27. Ke2 a4
28. bxa4 Bxa2 29. Ra1 Be6 30. a5 b5 31. Rd1+ Kc6 32. Rc1+ Kd6 33. Kd3 Ra8 34.
Ra1 Kc5 35. g4 b4 36. g5 Kb5 37. a6 Rxa6 38. Rxa6 Kxa6 39. Nf5 Kb5 40. h5 Ka4
41. Kc2 Ka3 42. Kb1 Ba2+ 43. Kc1 b3 44. Ne3 b2+ 0-1

[Event "European Blitz 2022"]
[Site "Katowice POL"]
[Date "2022.12.16"]
[Round "20.7"]
[White "Piorun, Kacper"]
[Black "Gavrilescu, David"]
[Result "1/2-1/2"]
[WhiteTitle "GM"]
[BlackTitle "IM"]
[WhiteElo "2611"]
[BlackElo "2522"]
[WhiteFideId "1130420"]
[BlackFideId "1227190"]
[EventDate "2022.12.16"]

1. d4 d5 2. Bg5 Nf6 3. Nd2 e6 4. e3 Be7 5. Bd3 c5 6. c3 Nc6 7. f4 h6 8. Bh4 Bd7
9. Ngf3 g5 10. fxg5 Ng4 11. Qe2 hxg5 12. Bg3 Qb6 13. O-O f5 14. h3 Nh6 15. c4
cxd4 16. exd4 Nxd4 17. Nxd4 Qxd4+ 18. Bf2 Qg7 19. cxd5 e5 20. d6 Bf6 21. Bc4 g4
22. h4 g3 23. Bd4 Ng4 24. Rf3 Rxh4 25. Rxg3 Qh8 26. Rxg4 Rxg4 27. Bc3 Bc6 28.
Bb5 Kd7 29. Bxc6+ bxc6 30. Nc4 Rag8 31. Ne3 Re4 32. Qa6 Rxe3 33. Qxa7+ Ke6 34.
Qxe3 Qg7 35. Qe2 Qg4 36. Qxg4 Rxg4 37. a4 Kxd6 38. a5 Rg8 39. Kf2 Ra8 40. Rh1
Kd5 41. Rd1+ Ke6 42. g3 Bd8 43. b4 Be7 44. Re1 e4 45. Rh1 Rb8 46. a6 Ra8 47. Ra1
Kd5 48. Ra5+ Kc4 49. Be1 Bxb4 50. Bxb4 Kxb4 51. Rxf5 Rxa6 52. Re5 c5 53. Rxe4+
c4 54. g4 Kc3 55. Kg3 Kd3 56. Re8 Rc6 57. Rd8+ Ke3 58. Re8+ Kd3 59. Rd8+ Ke4 60.
Re8+ Kd5 61. Rd8+ Ke5 62. Re8+ Kd4 63. Rd8+ Ke3 64. Re8+ Kd2 65. Rd8+ Kc2 66. g5
c3 67. Kg4 Kc1 68. Rf8 c2 69. Rf1+ Kd2 70. Kf5 Ke3 71. g6 c1=Q 72. Rxc1 Rxc1 73.
g7 Rg1 74. Kf6 Rxg7 75. Kxg7 1/2-1/2

[Event "European Blitz 2022"]
[Site "Katowice POL"]
[Date "2022.12.16"]
[Round "20.8"]
[White "Keinanen, Toivo"]
[Black "Hovhannisyan, Robert"]
[Result "1-0"]
[WhiteTitle "IM"]
[BlackTitle "GM"]
[WhiteElo "2508"]
[BlackElo "2597"]
[WhiteFideId "509825"]
[BlackFideId "13302507"]
[EventDate "2022.12.16"]

1. d4 d5 2. c4 c6 3. cxd5 cxd5 4. Nc3 Nf6 5. Nf3 Nc6 6. Bf4 a6 7. Rc1 Bg4 8. Ne5
Nxe5 9. dxe5 d4 10. exf6 dxc3 11. Qxd8+ Rxd8 12. fxe7 Bxe7 13. bxc3 Bf5 14. e3
Ba3 15. Rd1 O-O 16. Be2 Be6 17. O-O Bxa2 18. Ra1 Rd2 19. Bf3 Bc5 20. Bxb7 a5 21.
Bc6 h6 22. h4 Rc8 23. Bb5 Rb2 24. c4 Bb4 25. Rfc1 f6 26. c5 Rxc5 27. Rxc5 Bxc5
28. Bc6 Bb4 29. Rxa2 Rb1+ 30. Kh2 g5 31. hxg5 hxg5 32. Bg3 Kg7 33. Be4 Rc1 34.
Kh3 Rc4 35. Bf5 Bc3 36. f4 gxf4 37. Bxf4 a4 38. Kg4 Rb4 39. Kf3 Bb2 40. Bd6 Rb6
41. Bc5 Rb5 42. Bd3 Rxc5 43. Rxb2 a3 44. Rb7+ Kh6 45. Ra7 Rc3 46. Bf5 Kg5 47. g4
Rc1 48. Rg7+ Kh6 49. Rh7+ Kg5 50. Rh5# 1-0

[Event "European Blitz 2022"]
[Site "Katowice POL"]
[Date "2022.12.16"]
[Round "20.9"]
[White "Kozak, Antoni"]
[Black "Kazakouski, Valery"]
[Result "0-1"]
[BlackTitle "GM"]
[WhiteElo "2422"]
[BlackElo "2539"]
[WhiteFideId "21832030"]
[BlackFideId "13507443"]
[EventDate "2022.12.16"]

1. Nf3 d5 2. e3 Nf6 3. c4 e6 4. b3 b6 5. Bb2 Bb7 6. Nc3 Nbd7 7. g3 dxc4 8. bxc4
Nc5 9. d4 Nce4 10. Bg2 Be7 11. Qa4+ Qd7 12. Qc2 Nxc3 13. Bxc3 Be4 14. Qe2 Qa4
15. O-O O-O 16. Rfc1 Rac8 17. Bf1 c5 18. Ne5 Rfd8 19. Qb2 Ba8 20. Qb3 Qa6 21. f3
Nd7 22. Nxd7 Rxd7 23. d5 exd5 24. cxd5 c4 25. e4 b5 26. Qd1 Qb6+ 27. Kh1 Bc5 28.
Bh3 Rcd8 29. Bxd7 Rxd7 30. Rab1 f5 31. Qc2 fxe4 32. fxe4 Rxd5 33. Re1 Rd3 34.
Rbd1 Be3 35. Rxd3 Bxe4+ 0-1

[Event "European Blitz 2022"]
[Site "Katowice POL"]
[Date "2022.12.16"]
[Round "20.10"]
[White "Vogel, Roven"]
[Black "Yuffa, Daniil"]
[Result "1/2-1/2"]
[WhiteTitle "IM"]
[BlackTitle "GM"]
[WhiteElo "2463"]
[BlackElo "2587"]
[WhiteFideId "12908088"]
[BlackFideId "24131423"]
[EventDate "2022.12.16"]

1. c4 e5 2. Nc3 Bb4 3. Nd5 Be7 4. d4 exd4 5. Qxd4 Nf6 6. Nxe7 Qxe7 7. Bg5 Nc6 8.
Qc3 d6 9. Nf3 Rg8 10. Bxf6 Qxf6 11. Qxf6 gxf6 12. e3 a5 13. g3 Be6 14. Nd4 Nb4
15. Kd2 Na6 16. Bg2 Nc5 17. b3 Ke7 18. Kc3 Ra6 19. a3 Rga8 20. Rhd1 c6 21. Rab1
R8a7 22. h4 Ra8 23. Rd2 R8a7 24. Rdb2 Ra8 25. Rc2 f5 26. Kd2 Kf6 27. Ke2 Rb6 28.
Kd2 Ne4+ 29. Kc1 Nc5 30. Kd2 Ne4+ 31. Kc1 Nc5 32. Kd2 Ne4+ 1/2-1/2

[Event "European Blitz 2022"]
[Site "Katowice POL"]
[Date "2022.12.16"]
[Round "20.11"]
[White "Lagarde, Maxime"]
[Black "Drozdowski, Kacper"]
[Result "1-0"]
[WhiteTitle "GM"]
[BlackTitle "IM"]
[WhiteElo "2584"]
[BlackElo "2448"]
[WhiteFideId "662399"]
[BlackFideId "1136720"]
[EventDate "2022.12.16"]

1. e4 c5 2. Nc3 e6 3. d4 cxd4 4. Qxd4 Nc6 5. Qe3 Nf6 6. Nf3 d6 7. b3 Be7 8. Bb2
a6 9. O-O-O Ng4 10. Qe1 Qb6 11. Rd2 O-O 12. Kb1 Qc7 13. h3 Nge5 14. Nh2 Ng6 15.
h4 Bxh4 16. g3 Be7 17. f4 Rd8 18. Ng4 d5 19. Rdh2 Nf8 20. Bd3 d4 21. e5 Bb4 22.
Nf6+ gxf6 23. exf6 Nd7 24. g4 Qxf4 25. Qh4 Qxf6 26. g5 Qg7 27. Ne4 Be7 28. Qg3
Nf8 29. Qf4 e5 30. Qf2 Rd6 31. Ba3 Rg6 32. Bxe7 Nxe7 33. Nf6+ Kh8 34. Bxg6 Nexg6
35. Rh6 Be6 36. Qh2 Nh4 37. Qxh4 Bf5 38. Qg3 Bg6 39. Qxe5 d3 40. cxd3 Bxd3+ 41.
Kb2 Rc8 42. Qd4 Bg6 43. a4 Ne6 44. Qh4 Nf8 45. Rh2 Rc5 46. Ka2 Rf5 47. Rd2 Rc5
48. Rd8 Rc2+ 49. Ka1 Rc1+ 50. Kb2 Rc2+ 51. Ka3 1-0

[Event "European Blitz 2022"]
[Site "Katowice POL"]
[Date "2022.12.16"]
[Round "20.12"]
[White "Kosteniuk, Alexandra"]
[Black "Donchenko, Alexander"]
[Result "1/2-1/2"]
[WhiteTitle "GM"]
[BlackTitle "GM"]
[WhiteElo "2520"]
[BlackElo "2636"]
[WhiteFideId "4128125"]
[BlackFideId "24603295"]
[EventDate "2022.12.16"]

1. e4 c6 2. Nc3 d5 3. Nf3 dxe4 4. Nxe4 Nf6 5. Qe2 Nxe4 6. Qxe4 Nd7 7. d4 Nf6 8.
Qf4 Nd5 9. Qd2 Bf5 10. c4 Nf6 11. Bd3 Bxd3 12. Qxd3 e6 13. O-O Be7 14. Rd1 O-O
15. Rb1 a5 16. b3 Qc7 17. g3 Rfd8 18. Qe2 h6 19. Bb2 a4 20. Bc3 axb3 21. axb3
Ra3 22. Ne5 c5 23. dxc5 Rxd1+ 24. Qxd1 Bxc5 25. Bb2 Ra8 26. Nd3 Rd8 27. Qe2 Bd4
28. Ne5 Bxb2 29. Rxb2 Qb6 30. b4 Qd4 31. Nf3 Qc3 32. Kg2 Rc8 33. c5 Nd5 34. Qd2
Qc4 35. Qd4 Qc1 36. Qd2 Qa1 37. Qd4 Ra8 38. Re2 Qxd4 39. Nxd4 Nxb4 40. Rb2 Nd3
41. Rxb7 Nxc5 42. Rb2 Rd8 43. Nc6 Rd6 44. Ne5 f6 45. Rc2 Ne4 46. Nf3 Rd7 47. h4
Kf7 48. Rc4 Nd6 49. Rd4 Ke7 50. Ra4 Rb7 51. Ra2 e5 52. h5 Ke6 53. Re2 Rb4 54.
Ra2 Ne4 55. Nd2 Nd6 56. Ra6 Kd5 57. Ra7 Rb2 58. Nf1 Rb7 59. Ne3+ Ke6 60. Ra6 Rc7
61. g4 Kd7 62. Nd5 Rb7 63. Ne3 Rb4 64. Ra7+ Nb7 65. Ra6 Nc5 66. Ra7+ Rb7 67. Ra5
Nb3 68. Ra8 Nd4 69. Rg8 Ke6 70. Re8+ Kf7 71. Ra8 Ne6 72. Nf5 Rd7 73. Ra6 Nf4+
74. Kf3 Rd3+ 75. Ke4 Rd7 76. Nd6+ Kg8 77. Kf5 Kh7 78. Ne4 Rc7 79. Ra8 Ne2 80.
Nd6 Nd4+ 81. Ke4 Rd7 82. Nc4 Ne6 83. Ne3 Rd4+ 84. Kf3 Rd2 85. Nf5 Nd4+ 86. Nxd4
Rxd4 87. Rb8 Rd3+ 88. Kg2 Rd4 89. Kg3 Rf4 90. f3 Ra4 91. Re8 Ra3 92. Kg2 Ra7 93.
Kg3 g6 94. hxg6+ Kxg6 95. Rg8+ Kf7 96. Rh8 Kg7 97. Rb8 Ra3 98. Kg2 Kf7 99. Rh8
Kg7 100. Rb8 Rc3 101. Kf2 Kg6 102. Rg8+ Kf7 103. Rh8 Kg7 104. Rb8 Rc2+ 105. Kg3
Rc1 106. Kg2 Kf7 107. Rh8 Kg7 108. Rb8 Rc7 109. Kg3 Kg6 110. Rg8+ Rg7 111. Rh8 1/2-1/2

[Event "European Blitz 2022"]
[Site "Katowice POL"]
[Date "2022.12.16"]
[Round "20.13"]
[White "Seo, Jung Min"]
[Black "Oleksiyenko, Mykhaylo"]
[Result "0-1"]
[WhiteTitle "IM"]
[BlackTitle "GM"]
[WhiteElo "2502"]
[BlackElo "2594"]
[WhiteFideId "1734687"]
[BlackFideId "4152417"]
[EventDate "2022.12.16"]

1. c4 e6 2. d4 d5 3. Nc3 Nf6 4. cxd5 exd5 5. Bg5 c6 6. e3 h6 7. Bh4 Bd6 8. Bd3
O-O 9. Qc2 Re8 10. Nge2 a5 11. h3 Na6 12. a3 Nc7 13. O-O Ne6 14. f3 Bd7 15. Qd2
Be7 16. Bf2 b5 17. e4 b4 18. Na4 dxe4 19. fxe4 Ng5 20. Ng3 Bxh3 21. e5 Nd5 22.
Rac1 bxa3 23. bxa3 Bxa3 24. Rxc6 Bb4 25. Qc2 Bd7 26. Rc4 Bb5 27. Nf5 Bxc4 28.
Bxc4 Rc8 29. Qb3 Nf4 30. Be3 Nfe6 31. d5 Nc5 32. Nxc5 Bxc5 33. e6 Bxe3+ 34. Nxe3
fxe6 35. dxe6 Qd4 36. Rd1 Qc5 37. Rd7 Qe5 38. Qd3 Kh8 39. Nf5 Rxc4 40. Qxc4 Qxf5
41. Qd4 Nxe6 0-1

[Event "European Blitz 2022"]
[Site "Katowice POL"]
[Date "2022.12.16"]
[Round "20.14"]
[White "Dvirnyy, Danyyil"]
[Black "Peyrer, Konstantin"]
[Result "1-0"]
[WhiteTitle "GM"]
[BlackTitle "FM"]
[WhiteElo "2530"]
[BlackElo "2380"]
[WhiteFideId "817570"]
[BlackFideId "1640879"]
[EventDate "2022.12.16"]

1. e4 c6 2. d4 d5 3. exd5 cxd5 4. Bd3 Nc6 5. c3 g6 6. Nf3 Bg7 7. O-O Nh6 8. Re1
O-O 9. h3 f6 10. c4 dxc4 11. Bxc4+ Kh8 12. Nc3 Nf5 13. d5 Ne5 14. Be2 Nxf3+ 15.
Bxf3 Nd6 16. Bf4 Bd7 17. Qe2 Nf5 18. Rad1 Re8 19. g3 Qb6 20. h4 Nd4 21. Qd3
Nxf3+ 22. Qxf3 Rac8 23. Re2 h5 24. Qd3 Bf5 25. Qd2 Rcd8 26. Rde1 e5 27. Bh6 Rd7
28. Bxg7+ Kxg7 29. Kg2 Red8 30. Re3 Qb4 31. Rd1 Bg4 32. f3 Bf5 33. Qe2 a6 34. a3
Qb6 35. Rd2 Rc7 36. g4 hxg4 37. fxg4 Bxg4 38. Qf2 Rc4 39. Ne4 Bf5 40. Ng3 Rf4
41. Qe1 Bg4 42. Rc3 e4 43. Nxe4 Re8 44. Re3 f5 45. Nc5 Qxc5 46. Rxe8 Re4 1-0

[Event "European Blitz 2022"]
[Site "Katowice POL"]
[Date "2022.12.16"]
[Round "20.15"]
[White "Wieczorek, Oskar"]
[Black "Klekowski, Maciej"]
[Result "0-1"]
[WhiteTitle "GM"]
[BlackTitle "GM"]
[WhiteElo "2504"]
[BlackElo "2477"]
[WhiteFideId "1133950"]
[BlackFideId "1132717"]
[EventDate "2022.12.16"]

1. e4 c5 2. Nf3 e6 3. g3 Nc6 4. Bg2 Nf6 5. Nc3 d6 6. d4 cxd4 7. Nxd4 Bd7 8. O-O
Be7 9. a4 a6 10. Nb3 O-O 11. g4 h6 12. f4 d5 13. e5 Nh7 14. Be3 Rc8 15. a5 Qe8
16. Qd2 f6 17. exf6 Nxf6 18. h3 Bb4 19. Rad1 e5 20. fxe5 Nxe5 21. Qd4 Bxc3 22.
bxc3 Bc6 23. Rde1 Ne4 24. Rxf8+ Kxf8 25. c4 Nxc4 26. Bxe4 Qxe4 27. Qc5+ Kg8 28.
Bf2 Qf3 29. Qe7 Rf8 30. Qe6+ Kh7 31. Qe2 Qxh3 32. Qd3+ Qxd3 33. cxd3 Nd6 34. Bc5
Rd8 35. Nd4 Nf7 36. Re7 Rd7 37. Re6 Ng5 38. Re1 Rc7 39. Bd6 Rf7 40. Rc1 Nf3+ 41.
Nxf3 Rxf3 42. d4 Rf6 43. Be7 Re6 44. Bd8 Re4 45. Rf1 Rxg4+ 46. Kh2 Rxd4 47. Rf7
Kg6 48. Rc7 Re4 49. Be7 d4 50. Bf8 d3 51. Rxg7+ Kh5 52. Rg2 Rh4+ 53. Kg1 Bxg2 0-1

[Event "European Blitz 2022"]
[Site "Katowice POL"]
[Date "2022.12.16"]
[Round "20.16"]
[White "Krzyzanowski, Marcin"]
[Black "Svane, Rasmus"]
[Result "0-1"]
[WhiteTitle "GM"]
[BlackTitle "GM"]
[WhiteElo "2538"]
[BlackElo "2622"]
[WhiteFideId "1132199"]
[BlackFideId "4657101"]
[EventDate "2022.12.16"]

1. Nf3 d5 2. g3 Nf6 3. Bg2 e6 4. O-O Be7 5. c4 O-O 6. b3 d4 7. e3 c5 8. exd4
cxd4 9. Ne5 Qc7 10. Re1 Nfd7 11. Nxd7 Bxd7 12. d3 Bc6 13. Bf4 Bd6 14. Bxd6 Qxd6
15. Nd2 Nd7 16. Bxc6 Qxc6 17. b4 a5 18. a3 b5 19. c5 Nf6 20. Nb3 axb4 21. axb4
Qd5 22. Na5 Rfe8 23. Qe2 e5 24. f3 h5 25. Qg2 Re6 26. Re2 Rae8 27. Rae1 g6 28.
h4 Qd7 29. c6 Qd6 30. f4 e4 31. dxe4 d3 32. e5 Qxb4 33. f5 gxf5 34. exf6 Rxe2
35. Rxe2 dxe2 0-1

[Event "European Blitz 2022"]
[Site "Katowice POL"]
[Date "2022.12.16"]
[Round "20.17"]
[White "Plichta, Kamil"]
[Black "Grandelius, Nils"]
[Result "1-0"]
[WhiteTitle "FM"]
[BlackTitle "GM"]
[WhiteElo "2394"]
[BlackElo "2660"]
[WhiteFideId "1141830"]
[BlackFideId "1710400"]
[EventDate "2022.12.16"]

1. d4 d5 2. Bg5 c6 3. Nf3 h6 4. Bh4 Qb6 5. Qc1 Bf5 6. e3 e6 7. Be2 Be7 8. Bxe7
Nxe7 9. O-O Nd7 10. Nbd2 O-O 11. c4 Bg6 12. Qc3 c5 13. Rfc1 Rac8 14. Qb3 cxd4
15. Nxd4 Rfd8 16. Qa3 e5 17. N4f3 e4 18. Nd4 Re8 19. Nb5 Ra8 20. Nd6 Rf8 21. c5
Qc7 22. b4 Ne5 23. Qb2 Nd7 24. Nb3 Nf6 25. Nd4 Nc6 26. b5 Nxd4 27. Qxd4 b6 28.
g4 Rfd8 29. Nf5 Bxf5 30. gxf5 bxc5 31. Rxc5 Qd7 32. Qe5 Re8 33. Qf4 Rac8 34.
Rac1 Rxc5 35. Rxc5 Re7 36. a4 d4 37. exd4 Qxd4 38. Rc4 Qd8 39. h3 e3 40. fxe3
Qd2 41. Kf2 Kh7 42. Qd4 Qa2 43. Qd3 Ne4+ 44. Rxe4 1-0

[Event "European Blitz 2022"]
[Site "Katowice POL"]
[Date "2022.12.16"]
[Round "20.18"]
[White "Kyc, Jerzy"]
[Black "Saric, Ante"]
[Result "0-1"]
[BlackTitle "GM"]
[WhiteElo "2230"]
[BlackElo "2504"]
[WhiteFideId "1163922"]
[BlackFideId "14506254"]
[EventDate "2022.12.16"]

1. e4 d5 2. exd5 Nf6 3. d4 Bg4 4. Be2 Bxe2 5. Qxe2 Qxd5 6. Nf3 e6 7. O-O Nc6 8.
Rd1 O-O-O 9. Be3 Qh5 10. c4 Rg8 11. Nc3 Bb4 12. c5 Ne7 13. Na4 c6 14. a3 Ba5 15.
b4 Bc7 16. b5 Bxh2+ 17. Kf1 Bc7 18. bxc6 Qh1+ 19. Ng1 Nxc6 20. Qf3 Bh2 21. Rab1
Bxg1 22. Ke2 Qh5 23. Qxh5 Nxh5 24. Rxg1 Nxd4+ 25. Bxd4 Rxd4 26. Rb4 Rxb4 27.
axb4 Rd8 28. g3 Nf6 29. Rb1 Nd5 30. b5 b6 31. c6 Kc7 32. Rb3 Ra8 33. Nc3 Nxc3+
34. Rxc3 a6 35. Rd3 axb5 36. Rd7+ Kxc6 37. Rxf7 b4 38. Rxg7 Rd8 39. Rxh7 b3 40.
Rh4 Kc5 41. g4 b2 42. Rh1 Kc4 43. Ke3 Kc3 44. g5 Kc2 45. f4 b1=Q 46. Rxb1 Kxb1
47. Ke4 Kc2 48. Ke5 Re8 49. g6 b5 50. Kf6 b4 51. Kf7 Rb8 52. Kxe6 b3 0-1

[Event "European Blitz 2022"]
[Site "Katowice POL"]
[Date "2022.12.16"]
[Round "20.19"]
[White "Psyk, Radoslaw"]
[Black "Livaic, Leon"]
[Result "0-1"]
[BlackTitle "GM"]
[WhiteElo "2438"]
[BlackElo "2572"]
[WhiteFideId "1182838"]
[BlackFideId "14531534"]
[EventDate "2022.12.16"]

1. e4 e5 2. Nf3 f5 3. d3 Nf6 4. Nc3 Nc6 5. Be2 Bb4 6. O-O Bxc3 7. bxc3 fxe4 8.
dxe4 d6 9. Bg5 Be6 10. Rb1 Rb8 11. a4 O-O 12. Nd2 Qe8 13. Bxf6 Rxf6 14. Nc4 b6
15. Ne3 Ne7 16. a5 Qg6 17. axb6 axb6 18. Qd3 Rbf8 19. Ra1 Qf7 20. Bg4 Bxg4 21.
Nxg4 Rf4 22. f3 h5 23. Ne3 Rf6 24. Ra7 Nc6 25. Rb7 Na5 26. Ra7 Nc6 27. Rb7 Na5
28. Ra7 Nc6 29. Rb7 0-1

[Event "European Blitz 2022"]
[Site "Katowice POL"]
[Date "2022.12.16"]
[Round "20.20"]
[White "Cherniaiev, Tykhon"]
[Black "Dragnev, Valentin"]
[Result "0-1"]
[WhiteTitle "FM"]
[BlackTitle "GM"]
[WhiteElo "2330"]
[BlackElo "2556"]
[WhiteFideId "14182360"]
[BlackFideId "1634852"]
[EventDate "2022.12.16"]

1. Nf3 Nf6 2. d4 e6 3. c4 b6 4. g3 Ba6 5. b3 Bb4+ 6. Bd2 Be7 7. Bg2 O-O 8. O-O
d5 9. Qc2 c5 10. Rd1 Nc6 11. dxc5 bxc5 12. cxd5 exd5 13. Nc3 Rc8 14. Bg5 d4 15.
Bxf6 Bxf6 16. Ne4 Nb4 17. Qb2 Re8 18. Ne1 Be5 19. Nd3 Bxd3 20. exd3 Nd5 21. Re1
Nc3 22. Nxc3 dxc3 23. Qc2 Bd4 24. Re4 f5 25. Rxe8+ Qxe8 26. Kf1 Qh5 27. h3 Re8 0-1

[Event "European Blitz 2022"]
[Site "Katowice POL"]
[Date "2022.12.16"]
[Round "20.21"]
[White "Azarov, Sergei"]
[Black "Gaehwiler, Gabriel"]
[Result "1-0"]
[WhiteTitle "GM"]
[BlackTitle "IM"]
[WhiteElo "2562"]
[BlackElo "2408"]
[WhiteFideId "13501470"]
[BlackFideId "1314530"]
[EventDate "2022.12.16"]

1. e4 c5 2. Nf3 d6 3. d4 cxd4 4. Nxd4 Nf6 5. Nc3 a6 6. Bg5 Nbd7 7. f4 Qc7 8. Be2
e6 9. O-O Be7 10. Kh1 b5 11. Bf3 Bb7 12. Bxf6 Nxf6 13. e5 dxe5 14. fxe5 Nd7 15.
Bxb7 Qxb7 16. Qg4 g6 17. Nxe6 fxe6 18. Qxe6 Nc5 19. Qf7+ Kd8 20. Nd5 Ra7 21. b4
Na4 22. Rad1 Kc8 23. Qe6+ Kb8 24. Rf7 Rd8 25. h3 Qd7 26. Rxe7 Qxe6 27. Rxe6 Rad7
28. Rd6 Rxd6 29. exd6 Rxd6 30. Nc3 Rxd1+ 31. Nxd1 Nb6 32. Ne3 Kc7 33. Kg1 Kd6
34. Kf2 Ke5 35. c3 Na4 36. Nd1 Ke4 37. Ke2 Kf4 38. Kd3 Kg3 39. Ne3 Nb6 40. Kd4
Kf2 41. c4 bxc4 42. Nxc4 Na4 43. Ne3 h5 44. h4 Kg3 45. Ke5 Kxh4 46. Kf4 g5+ 47.
Kf3 g4+ 48. Kf4 Nc3 49. Nf5# 1-0

[Event "European Blitz 2022"]
[Site "Katowice POL"]
[Date "2022.12.16"]
[Round "20.22"]
[White "Ondozi, Murtez"]
[Black "Kosakowski, Jakub"]
[Result "0-1"]
[WhiteTitle "FM"]
[BlackTitle "IM"]
[WhiteElo "2406"]
[BlackElo "2475"]
[WhiteFideId "937576"]
[BlackFideId "1185080"]
[EventDate "2022.12.16"]

1. d4 Nf6 2. c4 e6 3. Nf3 d5 4. Nc3 Bb4 5. e3 O-O 6. Qc2 c5 7. dxc5 Nc6 8. Bd2
Bxc5 9. cxd5 exd5 10. Be2 Re8 11. O-O Bg4 12. h3 Bh5 13. Rfe1 Rc8 14. a3 Bxf3
15. Bxf3 Ne5 16. Be2 d4 17. exd4 Bxd4 18. Bf1 Nd5 19. Qb3 Nxc3 20. Bxc3 Bxc3 21.
bxc3 b6 22. Re3 Nd7 23. Rae1 Rxe3 24. Rxe3 Nc5 25. Qb5 h6 26. g3 Qd6 27. Bc4 Qd8
28. Kg2 Qf8 29. Bd5 Qd8 30. c4 a6 31. Qb1 Nd7 32. Qf5 Nf6 33. Rf3 b5 34. g4 bxc4
35. Bb7 Rc7 36. Bxa6 Qa8 37. Bb5 c3 38. Qc2 Nd5 39. a4 Nb4 40. Qc1 c2 41. Kg3
Na2 42. Qf4 c1=Q 43. Bd3 Qxf4+ 44. Rxf4 Nc3 45. a5 Qxa5 0-1

[Event "European Blitz 2022"]
[Site "Katowice POL"]
[Date "2022.12.16"]
[Round "20.23"]
[White "Haug, Havard"]
[Black "Sahidi, Samir"]
[Result "1/2-1/2"]
[BlackTitle "IM"]
[WhiteElo "2044"]
[BlackElo "2494"]
[WhiteFideId "1547887"]
[BlackFideId "14936372"]
[EventDate "2022.12.16"]

1. e4 e5 2. Nc3 Nc6 3. Bc4 Nf6 4. d3 Bb4 5. Bd2 O-O 6. Nge2 d6 7. O-O Be6 8. Bb3
Bxc3 9. Nxc3 d5 10. Bg5 d4 11. Nd5 Bxd5 12. Bxd5 Qd6 13. Bxc6 Qxc6 14. Bxf6 Qxf6
15. Qd2 g5 16. Qe2 c5 17. b3 Rac8 18. a4 Rc6 19. Qg4 Rd8 20. g3 Qg6 21. h4 gxh4
22. Qxh4 Re8 23. Kg2 Qh6 24. Rh1 Qxh4 25. Rxh4 Kg7 26. Rg4+ Rg6 27. Rh4 h6 28.
Rah1 b6 29. Rh5 Ree6 30. Rf5 Rg5 31. Rxg5+ hxg5 32. Rh5 f6 33. Kf3 Re8 34. Rh1
a6 35. Kg4 Kg6 36. f4 gxf4 37. gxf4 exf4 38. Kxf4 b5 39. axb5 axb5 40. Ra1 Re5
41. Ra5 b4 42. Ra6 Rh5 43. Rc6 Rg5 44. Rc7 Rh5 45. Rc6 Kf7 46. Kg4 Rg5+ 47. Kf3
Ke7 48. Rc7+ Kd6 49. Rf7 Rg6 50. Kf4 Ke6 51. Rc7 Rg5 52. Rc6+ Ke7 53. Rc7+ Kd6
54. Rf7 Ke6 55. Rc7 Rh5 56. Kg4 Re5 57. Kf4 Rg5 58. Rc6+ Ke7 59. Rc7+ Kd6 60.
Rf7 1/2-1/2

[Event "European Blitz 2022"]
[Site "Katowice POL"]
[Date "2022.12.16"]
[Round "20.24"]
[White "Stefansson, Hannes"]
[Black "Monroy, Charles"]
[Result "1-0"]
[WhiteTitle "GM"]
[BlackTitle "IM"]
[WhiteElo "2526"]
[BlackElo "2395"]
[WhiteFideId "2300087"]
[BlackFideId "621641"]
[EventDate "2022.12.16"]

1. e4 e5 2. Nf3 Nc6 3. Bb5 a6 4. Ba4 Nf6 5. O-O Be7 6. d3 b5 7. Bb3 d6 8. a3 Na5
9. Ba2 c5 10. h3 Be6 11. Bxe6 fxe6 12. b4 Nc6 13. c3 O-O 14. Re1 Qd7 15. Nbd2
Nh5 16. Nf1 Nf4 17. Be3 Rf7 18. d4 exd4 19. cxd4 c4 20. d5 exd5 21. Bxf4 Rxf4
22. Qxd5+ Kh8 23. e5 Raf8 24. Rad1 R4f5 25. Ng3 Rf4 26. exd6 Bd8 27. Re4 R4f7
28. Rde1 h6 29. Re6 Bb6 30. Qe4 Nd8 31. Rg6 Rf4 32. Qe5 Nc6 33. Rxh6+ Kg8 34.
Qd5+ R8f7 35. Rhe6 Bd8 1-0

[Event "European Blitz 2022"]
[Site "Katowice POL"]
[Date "2022.12.16"]
[Round "20.25"]
[White "Hasterok, Mateusz"]
[Black "Mastrovasilis, Dimitrios"]
[Result "0-1"]
[BlackTitle "GM"]
[WhiteElo "2162"]
[BlackElo "2605"]
[WhiteFideId "21822352"]
[BlackFideId "4202694"]
[EventDate "2022.12.16"]

1. d4 d5 2. c4 e6 3. Nc3 a6 4. cxd5 exd5 5. Nf3 Nf6 6. Bg5 Be6 7. e3 h6 8. Bh4
Nbd7 9. Bd3 Bd6 10. O-O O-O 11. Rc1 c6 12. Re1 Re8 13. e4 dxe4 14. Nxe4 Be7 15.
Nc5 Nxc5 16. dxc5 Qd5 17. Qc2 Rad8 18. Bc4 Qxc4 19. Qxc4 Bxc4 20. Rxc4 g5 21.
Bg3 Nd5 22. Rce4 f5 23. Re6 f4 24. Bxf4 gxf4 25. Rxh6 Bf6 26. Rd1 Kg7 27. Rh3
Re2 28. g3 Rxb2 29. gxf4 Re8 30. Rg3+ Kf7 31. Ng5+ Bxg5 32. fxg5 Kg6 33. h4 Re4
34. Rh3 Rg4+ 35. Kf1 Rf4 36. Rh2 Ne3+ 0-1